Á lódáil...

Law and the profits /

Sonraí Bibleagrafaíochta
Príomhúdar: Parkinson, C. Northcote
Formáid: Printed Book
Teanga:English
Foilsithe: John Murray, 1960.
LEADER 00493nam a2200145Ia 4500
008 150624b xxu||||| |||| 00| 0 eng d
082 |a 330.026 
100 |a Parkinson, C. Northcote 
245 |a Law and the profits /  |c C. Northcote Parkinson 
260 |b John Murray,  |c 1960. 
300 |a 192 p. 
500 |a Illus by Osbert Lancaster 
942 |c BK 
999 |c 14205  |d 14205 
952 |0 1  |1 0  |4 1  |6 330_026000000000000_PAR_L  |7 0  |9 14204  |a UL  |b UL  |c ST2  |d 1998-09-01  |l 0  |o 330.026 PAR/L  |p 21564  |r 2012-10-27  |w 2012-10-27  |y BK